000 00255nam a22001097a 4500
008 170111b xxu||||| |||| 00| 0 eng d
020 _a9780130304568
041 _aeng
080 _a618.2
245 _aMATERNAL-NEWBORN NURSING
_cHOGAN, M.A
942 _2udc
_cBK
999 _c2718
_d2718